Estructura económica y posibilidades de desarrollo de la provincia de Barcelona
Publicado:
Barcelona :
Organización Sindical. Consejo Económico Sindical Provincial. Gabinete Técnico ,
1967
Descripción Física:
296 f. : taules ; 32 cm
Otros Autores:
Consejo Económico Sindical Provincial de Barcelona
MARC
| LEADER | 00000nam a2200000Ia 4500 | ||
|---|---|---|---|
| 001 | 18747 | ||
| 008 | 160829s1967 xx 000 0 cat d | ||
| 080 | |a FOL-3-8 | ||
| 245 | |a Estructura económica y posibilidades de desarrollo de la provincia de Barcelona | ||
| 260 | |a Barcelona : |b Organización Sindical. Consejo Económico Sindical Provincial. Gabinete Técnico, |c 1967 | ||
| 300 | |a 296 f. : |b taules ; |c 32 cm | ||
| 650 | 0 | |a Economia |z Barcelona (Província) |9 44657 | |
| 650 | 0 | |a Desenvolupament econòmic |9 41370 |x Barcelona (Província) | |
| 651 | 0 | |a Barcelona (Catalunya : Província) |x Condicions econòmiques |9 54161 | |
| 651 | 0 | |a Barcelona (Catalunya : Província) |x Condicions socials |9 72082 | |
| 700 | |a Consejo Económico Sindical Provincial de Barcelona |9 27302 | ||
| 901 | |a Arxiu | ||
| 942 | |n 1 |2 udc | ||
| 952 | |0 0 |1 0 |4 0 |6 FOL38 |7 1 |9 52071 |a Arxiu |b Arxiu |d 2016-12-01 |l 0 |o FOL-3-8 |p 18747 |r 2016-12-01 00:00:00 |w 2016-12-01 |y ARXIU | ||
| 999 | |c 55919 |d 55919 | ||